01504cam a22002771 4500001001300000003000400013005001700017008004100034010001700075035001900092040005700111042001200168050001800180100003200198245011200230260004300342300002700385490005900412490008000471490004400551500043100595650004101026810005601067810008601123999001701209s 13000121 DLC20260227111911.0790503s1882 dcu 001 0 eng c as 13000121  a(OCoLC)4922075 aLibrary, Smithsonian InstitutioncOKentUdOCoLCdDLC apremarc00aZ5974.U5bG471 aGill, Theodore,d1837-1914.10aBibliography of the fishes of the Pacific coast of the United States to the end of 1879.cBy Theodore Gill. aWashington,bGovt. print. off.,c1882. a2 p. l., 73 p.c24 cm.1 aBulletin of the United States National museum.vno. 111 aIssued also as vol. 23, art. 1 of the Smithsonian miscellaneous collections0 aSmithsonian institution publication 463 aIssued with Jordan D. S. Contributions to North American ichthyology. Part III. Washington, 1877-78. Eggers, H. F. A. The flora of St. Croix and the Virgin islands. Washington, 1879. United States. National Museum. Catalogue of the collection to illustrate the animal resources and the fisheries of the United States. Washington, 1879. Kumlien, L. Contributions to the natural history of the Arctic America. Washington, 1879. 0aFisheszPacific CoastvBibliography.2 aUnited States National Museum.tBulletin ;vno. 11.2 aSmithsonian Institution.tSmithsonian miscellaneous collections ;vv. 23, art. 1. c52670d52670